Sambandh / (Record no. 45365)

MARC details
000 -LEADER
fixed length control field 01217njm a22003017a 4500
005 - DATE AND TIME OF LATEST TRANSACTION
control field 20100913120432.0
006 - FIXED-LENGTH DATA ELEMENTS--ADDITIONAL MATERIAL CHARACTERISTICS--GENERAL INFORMATION
fixed length control field a|||||r|||||00| 0
007 - PHYSICAL DESCRIPTION FIXED FIELD--GENERAL INFORMATION
fixed length control field sd ammalaaahaa
008 - FIXED-LENGTH DATA ELEMENTS--GENERAL INFORMATION
fixed length control field 100910t xxu||||| |||| 00| 0 eng d
028 ## - PUBLISHER NUMBER
Publisher number TAE. 1466
Source Angel Records
035 ## - SYSTEM CONTROL NUMBER
System control number GR-02190
040 ## - CATALOGING SOURCE
Original cataloging agency SED
Transcribing agency SED
100 ## - MAIN ENTRY--PERSONAL NAME
Personal name Kapoor, Mahendra
9 (RLIN) 19365
245 ## - TITLE STATEMENT
Title Sambandh /
Statement of responsibility, etc sung by Mahendra [and] Asha Bhosle; Music by O.P. Nayyar ; Lyrics by Pradeep
Medium [sound recording] :
246 ## - VARYING FORM OF TITLE
Title proper/short title संबंद /
260 ## - PUBLICATION, DISTRIBUTION, ETC. (IMPRINT)
Place of publication, distribution, etc Dum Dum, India
Name of publisher, distributor, etc Angle Records
Date of publication, distribution, etc 1968
300 ## - PHYSICAL DESCRIPTION
Extent 1 sound disc [Gramophone Recording] :
Other physical details analog, 33 1/3 rpm ;
Dimensions 7.5 in. (SP)
Type of unit Gramaphone Records
500 ## - GENERAL NOTE
General note Brief records
500 ## - GENERAL NOTE
General note Record Lables : Angel Records, Brown
505 ## - FORMATTED CONTENTS NOTE
Formatted contents note Side 1 चल अकेला (Chal Akela) (Mukesh),--Side-2 अंधेरे में जो बात हैं (Adhere Main Jo Bathe Hai ) ( Mahendra Kapoor)
600 ## - SUBJECT ADDED ENTRY--PERSONAL NAME
Personal name Mukesh
9 (RLIN) 19611
650 ## - SUBJECT ADDED ENTRY--TOPICAL TERM
Source of heading or term Excerpts.
Topical term or geographic name as entry element Classical Music
Topical term following geographic name as entry element India
9 (RLIN) 19366
700 ## - ADDED ENTRY--PERSONAL NAME
Personal name Bhosle, Asha
9 (RLIN) 19701
700 ## - ADDED ENTRY--PERSONAL NAME
Personal name Nayyar, O.P.
9 (RLIN) 19702
700 ## - ADDED ENTRY--PERSONAL NAME
Personal name Pradeep
9 (RLIN) 19703
942 ## - ADDED ENTRY ELEMENTS (KOHA)
Source of classification or shelving scheme Dewey Decimal Classification
Item type Gramaphone Records
Holdings
Withdrawn status Lost status Source of classification or shelving scheme Damaged status Not for loan Collection code Home library Current library Date acquired Source of acquisition Total Checkouts Barcode Date last seen Copy number Price effective from Koha item type
    Dewey Decimal Classification   Not For Loan Non-fiction Central Library Central Library 13/09/2010 SED/VEN   GR-02190 13/09/2010 1 13/09/2010 Gramaphone Records

© Delhi Public Library
Hit Counter
free hit counter